NBA 1970s Leaders Per Team - Statistics

General Stats
  • This quiz has been taken 383 times
  • The average score is 31 of 71
Answer Stats
Team Player % Correct
Lakers, Bucks Kareem Abdul-Jabbar
95%
Celtics John Havlicek
87%
Knicks Walt Frazier
87%
Lakers Jerry West
86%
Bullets Wes Unseld
85%
Trail Blazers Bill Walton
84%
Spurs* George Gervin
84%
Celtics Dave Cowens
83%
Bullets Elvin Hayes
83%
Warriors Rick Barry
82%
Warriors, Nets* George Johnson
80%
Bucks Oscar Robertson
80%
Jazz Pete Maravich
80%
Braves Bob McAdoo
79%
Bulls Artis Gilmore
73%
Cavaliers Bingo Smith
70%
Lakers Gail Goodrich
70%
Braves Randy Smith
70%
Pistons Bob Lanier
69%
Nuggets* David Thompson
68%
Nuggets* Bobby Jones
66%
Bulls Bob Love
66%
76ers Caldwell Jones
66%
Celtics Jo Jo White
66%
Kings Tiny Archibald
66%
76ers Billy Cunningham
62%
Knicks Dave DeBusschere
60%
Warriors Nate Thurmond
60%
Pistons Dave Bing
59%
Nuggets* Dan Issel
54%
Rockets Calvin Murphy
50%
Hawks Lou Hudson
50%
Rockets Rudy Tomjanovich
47%
Suns Paul Westphal
45%
Suns Alvan Adams
41%
SuperSonics Fred Brown
41%
Cavaliers Austin Carr
39%
SuperSonics Spencer Haywood
37%
Nets* Bernard King
34%
Suns Neal Walk
33%
Cavaliers Foots Walker
32%
Hawks Walt Bellamy
29%
Bulls Norm Van Lier
28%
Trail Blazers Geoff Petrie
27%
Hawks Tree Rollins
27%
Nets* Kevin Porter
26%
Hawks John Drew
23%
Spurs* Larry Kenon
23%
Suns Dick Van Arsdale
22%
Trail Blazers Sidney Wicks
22%
Kings Sam Lacey
20%
Bullets Phil Chenier
19%
Lakers Happy Hairston
18%
Pacers* Dan Roundfield
15%
Cavaliers Jim Chones
14%
Pistons Chris Ford
13%
SuperSonics Slick Watts
13%
Spurs* Billy Paultz
12%
76ers Fred Carter
12%
Bulls Tom Boerwinkle
12%
Nets* Eddie Jordan
9%
76ers Steve Mix
9%
Bucks Quinn Buckner
8%
Jazz Rich Kelley
7%
Trail Blazers Larry Steele
5%
Pacers* Ricky Sobers
5%
Spurs* Mike Gale
4%
Knicks John Gianelli
3%
Rockets Kevin Kunnert
2%
SuperSonics Tom Burleson
2%
Nets* Tim Bassett
1%
No matching quizzes found
Score Distribution
Percent of People with Each Score
Percentile by Number Answered
Your Score History
You have not taken this quiz